000 00549nam a2200181 i 4500
001 46296
003 ES-MaACL
005 20230906161346.0
007 t|
008 030328s1970 mx ||||1| spa d
100 1 _aCompton, Robert R.
_940052
245 1 0 _aGeología del campo /
_cRobert R. Compton ; [traducción por Luis Benavides García].
250 _a[1ª ed.].
260 _aMéxico :
_bPax-México,
_c[1970]
300 _aXV, 478 p. :
_bil. ;
_c21 cm.
700 1 _aBenavides García, Luis.
_927456
852 _aES-MaACL
_jA-5660
_bR.93777
999 _c46296
_d46296